Oceania : Currency by Country (Yellow Box) - Statistics

General Stats
  • This quiz has been taken 542 times
  • The average score is 12 of 14
Answer Stats
Country Currency % Correct
Australia Australian dollar
100%
Fiji Fijian dollar
97%
Kiribati None (Australian dollar)
96%
New Zealand New Zealand dollar
95%
Nauru None (Australian and New Zealand dollar)
95%
Marshall Islands None (United States dollar)
95%
Palau None (United States dollar)
95%
Federated States of Micronesia None (United States dollar)
94%
Tuvalu None (Australian dollar)
90%
Solomon Islands Solomon Islands dollar
90%
Vanuatu Vanuatu vatu
64%
Papua New Guinea Papua New Guinean kina
55%
Samoa Samoan tala
54%
Tonga Tongan pa’anga
51%
No matching quizzes found
Score Distribution
Percent of People with Each Score
Percentile by Number Answered
Your Score History
You have not taken this quiz